[Event "BL 8182 HSK-Markth'feld"]
[Site "?"]
[Date "1982.??.??"]
[Round "?.2"]
[White "Cordes, H."]
[Black "Bartsch, B."]
[Result "1/2-1/2"]
[WhiteElo "2280"]
[BlackElo "2265"]
[PlyCount "100"]
[EventDate "1982.??.??"]

1. d4 Nf6 2. c4 e6 3. Nc3 d5 4. Bf4 c6 5. e3 Bb4 6. Bd3 dxc4 7. Bxc4 Nd5 8.
Nge2 Nxf4 9. Nxf4 O-O 10. O-O Bd6 11. Nd3 Nd7 12. f4 c5 13. Ne4 Qe7 14. Nxd6
Qxd6 15. dxc5 Nxc5 16. Ne5 Qe7 17. Qe2 Nd7 18. Nf3 b6 19. Rad1 Bb7 20. Rd2 Rad8
21. Rfd1 Bxf3 22. Qxf3 Nf6 23. Bb3 Rxd2 24. Rxd2 g6 25. h3 Rd8 26. Qd1 Rxd2 27.
Qxd2 Qc5 28. Kh2 Kg7 29. Qd3 h6 30. Bc4 g5 31. g3 Qc6 32. Qe2 Qe4 33. Bd3 Qa4
34. a3 Qd7 35. Bb1 Qd5 36. Bc2 e5 37. fxg5 hxg5 38. Bd3 Qc5 39. Kg2 Qc6+ 40.
Kh2 Qc1 41. Bc4 Ne4 42. h4 Qd2 43. Qxd2 Nxd2 44. Be2 gxh4 45. gxh4 Ne4 46. Kg2
f5 47. Bd3 Nd6 48. Kg3 Kf6 49. Kh3 Kg6 50. Kg3 Kf6 1/2-1/2

[Event "BL 8182 HSK-Markth'feld"]
[Site "?"]
[Date "1982.??.??"]
[Round "?.3"]
[White "Riefner, E."]
[Black "Gruenberg, Ra"]
[Result "1-0"]
[WhiteElo "2245"]
[BlackElo "2300"]
[PlyCount "79"]
[EventDate "1982.??.??"]

1. e4 c5 2. Nf3 Nc6 3. d4 cxd4 4. Nxd4 Nf6 5. Nc3 e6 6. Ndb5 Bb4 7. Nd6+ Ke7 8.
Nxc8+ Rxc8 9. Bd3 d5 10. Bd2 dxe4 11. Nxe4 Nxe4 12. Bxe4 Bxd2+ 13. Qxd2 Qxd2+
14. Kxd2 Rhd8+ 15. Kc1 Rd4 16. Bxc6 Rxc6 17. Rd1 Rcd6 18. Rxd4 Rxd4 19. c3 Rf4
20. f3 Rh4 21. h3 Kf6 22. Kd2 Kg5 23. Ke3 Ra4 24. a3 Ra6 25. c4 e5 26. Rd1 Kf6
27. Rd7 Rb6 28. b4 Ke6 29. Rc7 Ra6 30. Rxb7 Rxa3+ 31. Kf2 h5 32. c5 a5 33. b5
Rc3 34. c6 a4 35. c7 a3 36. b6 Kd7 37. Rb8 a2 38. Rd8+ Ke7 39. Ra8 Rc2+ 40. Ke3
1-0

[Event "BL 8182 HSK-Markth'feld"]
[Site "?"]
[Date "1982.??.??"]
[Round "?.5"]
[White "Oechslein, R."]
[Black "Zieher, H."]
[Result "1-0"]
[WhiteElo "2205"]
[BlackElo "2280"]
[PlyCount "78"]
[EventDate "1982.??.??"]

1. e4 e5 2. Nf3 Nc6 3. Bb5 a6 4. Ba4 Nf6 5. d4 exd4 6. O-O Be7 7. Re1 O-O 8. e5
Nd5 9. Nxd4 Nxd4 10. Qxd4 Nb6 11. Bb3 d6 12. exd6 Bxd6 13. Bf4 Qh4 14. Re4 Bf5
15. Bxd6 Qxe4 16. Qxe4 Bxe4 17. Bxf8 Kxf8 18. Nc3 Bg6 19. Rd1 Ke7 20. f4 a5 21.
Rd2 a4 22. Nd5+ Nxd5 23. Bxd5 c6 24. Bf3 a3 25. b3 Rd8 26. Re2+ Kf8 27. Kf2 Rd1
28. f5 Bxf5 29. Re5 Rd2+ 30. Ke3 Rxc2 31. Rxf5 b6 32. b4 Rxa2 33. Bxc6 Rb2 34.
Re5 f6 35. Re8+ Kf7 36. Ra8 Rxb4 37. Rxa3 Rb2 38. Be4 h5 39. Ra7+ Kf8 {ZÜ} 1-0

[Event "BL 8182 Erlangen-HSK"]
[Site "?"]
[Date "1982.??.??"]
[Round "?.1"]
[White "Huebner, R."]
[Black "Feustel, B."]
[Result "1-0"]
[WhiteElo "2640"]
[BlackElo "2375"]
[PlyCount "51"]
[EventDate "1982.??.??"]

1. e4 g6 2. d4 Bg7 3. c4 d6 4. Nc3 Nd7 5. Be3 e6 6. Qd2 h6 7. f4 Ne7 8. Nf3 O-O
9. Bd3 f5 10. h3 c5 11. g4 cxd4 12. Nxd4 Nc5 13. gxf5 exf5 14. O-O-O fxe4 15.
Nxe4 Nf5 16. Bc2 Qb6 17. Nc3 Re8 18. Bf2 Qb4 19. Rhg1 Qxc4 20. Rxg6 Kf7 21.
Nxf5 Bxf5 22. Bxf5 Bxc3 23. Qxc3 Qxf4+ 24. Rd2 Re5 25. Bc2 Rae8 26. Rg4 1-0

[Event "BL 8182 Erlangen-HSK"]
[Site "?"]
[Date "1982.??.??"]
[Round "?.4"]
[White "Stoll, J."]
[Black "Pokern, N."]
[Result "1/2-1/2"]
[WhiteElo "2225"]
[BlackElo "2240"]
[PlyCount "91"]
[EventDate "1982.??.??"]

1. d4 d5 2. Nf3 c6 3. g3 Bf5 4. Bg2 e6 5. O-O Nf6 6. Nh4 Bg4 7. Qd3 Be7 8. Nd2
O-O 9. f3 Bh5 10. g4 Ne8 11. gxh5 Bxh4 12. e4 Nd6 13. e5 Nf5 14. f4 c5 15. dxc5
Na6 16. Nb3 Qc7 17. Bh3 Nxc5 18. Qc3 Rfc8 19. Nxc5 Qxc5+ 20. Qxc5 Rxc5 21. Bxf5
exf5 22. c3 Rc4 23. Rd1 Rd8 24. Be3 Re4 25. Rd3 f6 26. exf6 Bxf6 27. Rad1 a6
28. Kf2 Rde8 29. Kf3 g6 30. hxg6 hxg6 31. R1d2 b5 32. Bc5 g5 33. Bd6 g4+ 34.
Kf2 Bh4+ 35. Kf1 Re1+ 36. Kg2 R1e2+ 37. Kg1 Re1+ 38. Kg2 R1e2+ 39. Kg1 Re1+ 40.
Kg2 R8e2+ 41. Rxe2 Rxe2+ 42. Kg1 Re1+ 43. Kg2 Re2+ 44. Kg1 Re1+ 45. Kg2 Re2+
46. Kg1 1/2-1/2

[Event "BL 8182 Erlangen-HSK"]
[Site "?"]
[Date "1982.??.??"]
[Round "?.7"]
[White "Schroeder, C."]
[Black "Hommel, G."]
[Result "1/2-1/2"]
[WhiteElo "2240"]
[BlackElo "2240"]
[PlyCount "100"]
[EventDate "1982.??.??"]

1. e4 c6 2. d4 d5 3. exd5 cxd5 4. c4 Nf6 5. Nc3 e6 6. c5 Be7 7. Nf3 O-O 8. Bd3
b6 9. b4 a5 10. Na4 Nbd7 11. Qc2 Ne4 12. a3 axb4 13. axb4 e5 14. O-O bxc5 15.
dxc5 Nexc5 16. Bxh7+ Kh8 17. bxc5 Nxc5 18. Nxe5 Bd6 19. Nf3 Rxa4 20. Rxa4 Nxa4
21. Ng5 Nc5 22. Bg8 Ne4 23. Nxf7+ Rxf7 24. Bxf7 Bf5 25. Qd1 g6 26. Bb2+ Kh7 27.
Qd4 Qf8 28. Qxd5 Bc5 29. Qb7 Nd6 30. Bxg6+ Kxg6 31. Qc6 Qc8 32. Qxc8 Bxc8 33.
Rc1 Ne4 34. Rc2 Ba6 35. Ba3 Bxf2+ 36. Rxf2 Nxf2 37. Kxf2 Bb7 38. g4 Be4 39. Kg3
Bc2 40. Kf4 Bd3 41. h4 Bc2 42. h5+ Kf7 43. Bb2 Bd3 44. Kg5 Be2 45. Kf5 Bd1 46.
Kf4 Be2 47. Bd4 Bd1 48. Kg5 Be2 49. Bc3 Bd1 50. Ba1 Be2 1/2-1/2

[Event "BL 8182 Markth'feld-SKJE"]
[Site "?"]
[Date "1982.??.??"]
[Round "?.1"]
[White "Stein, B."]
[Black "Goehring, K."]
[Result "1/2-1/2"]
[WhiteElo "2295"]
[BlackElo "2320"]
[PlyCount "97"]
[EventDate "1982.??.??"]

1. e4 c5 2. Nf3 Nc6 3. d4 cxd4 4. c3 dxc3 5. Nxc3 d6 6. Bc4 e6 7. O-O Nf6 8.
Qe2 Bd7 9. Rd1 Qb8 10. Bf4 a6 11. Rac1 Ne5 12. Nxe5 dxe5 13. Bg5 Be7 14. a4 Bc6
15. Rd3 O-O 16. Rg3 Kh8 17. Rf1 Qd6 18. Kh1 Rad8 19. f4 h6 20. fxe5 Qxe5 21.
Bf4 Qh5 22. Qe1 Qc5 23. Bd3 Nh5 24. Rh3 Nxf4 25. Rxf4 Qe5 26. Qf1 Bf6 27. Be2
Rd4 28. Rh5 Bg5 29. Rg4 Kg8 30. h4 g6 31. Rgxg5 hxg5 32. Rxg5 Qg7 33. Qf4 Re8
34. h5 e5 35. Qg3 Re6 36. b3 b5 37. axb5 axb5 38. Nxb5 Rxe4 39. Bc4 Rxc4 40.
bxc4 e4 41. Nc3 e3 42. Ne2 Qf6 43. hxg6 fxg6 44. Nf4 e2 45. Nxe6 Qa1+ 46. Kh2
Qh8+ 47. Kg1 Qa1+ 48. Kh2 Qh8+ 49. Kg1 1/2-1/2

[Event "BL 8182 Düsseldorf-Zähringen"]
[Site "?"]
[Date "1982.??.??"]
[Round "?.1"]
[White "Siegel, G."]
[Black "Backwinkel, P."]
[Result "1-0"]
[WhiteElo "2300"]
[BlackElo "2275"]
[PlyCount "83"]
[EventDate "1982.??.??"]

1. Nf3 g6 2. d4 Bg7 3. c4 d6 4. g3 Nf6 5. Bg2 O-O 6. O-O Nbd7 7. Nc3 e5 8. e4
c6 9. h3 Qb6 10. d5 Nc5 11. Qe2 cxd5 12. cxd5 Bd7 13. Be3 Rfc8 14. Rfc1 a5 15.
Nd2 a4 16. Kh2 Ne8 17. b4 axb3 18. Nxb3 Qd8 19. Nxc5 dxc5 20. Rab1 Nd6 21. a4
f5 22. Rb3 Qa5 23. exf5 gxf5 24. Bf1 Rf8 25. Bd2 Qd8 26. Qe3 Rc8 27. a5 f4 28.
gxf4 exf4 29. Qf3 Be8 30. Ne4 Nxe4 31. Qxe4 Qh4 32. Be1 Bg6 33. Qg2 f3 34. Qg4
Qh6 35. Rc4 Bf5 36. Qg3 Rf7 37. d6 Be6 38. Re3 Kh8 39. Rh4 Qf6 40. Bc3 Qf5 41.
Bd3 Qd5 42. Rxh7+ 1-0

[Event "BL 8182 Düsseldorf-Zähringen"]
[Site "?"]
[Date "1982.??.??"]
[Round "?.2"]
[White "Vetter, H."]
[Black "Herbrechtsmeier, C."]
[Result "1/2-1/2"]
[WhiteElo "2250"]
[BlackElo "2330"]
[PlyCount "50"]
[EventDate "1982.??.??"]

1. e4 e6 2. d4 d5 3. e5 c5 4. c3 Ne7 5. Na3 Nec6 6. Nc2 Nd7 7. Nf3 f6 8. exf6
Nxf6 9. g3 cxd4 10. Ncxd4 Bd6 11. Bg2 e5 12. Nc2 O-O 13. O-O Qe8 14. Ne3 Ne7
15. Nc4 Bb8 16. Ncxe5 Qh5 17. Bf4 Ne4 18. Ng5 Qxd1 19. Raxd1 Rxf4 20. Nxe4 Rxe4
21. Bxe4 Bxe5 22. Bxd5+ Nxd5 23. Rxd5 Bf6 24. Re1 Bg4 25. Re3 Rf8 1/2-1/2

[Event "BL 8182 Düsseldorf-Zähringen"]
[Site "?"]
[Date "1982.??.??"]
[Round "?.4"]
[White "Schiffer, K."]
[Black "Raupp, T."]
[Result "1/2-1/2"]
[WhiteElo "2365"]
[BlackElo "2230"]
[PlyCount "138"]
[EventDate "1982.??.??"]

1. d4 Nf6 2. c4 g6 3. Nc3 Bg7 4. e4 d6 5. f3 e5 6. Nge2 c6 7. Be3 Nbd7 8. Qd2
a6 9. Rd1 O-O 10. Nc1 Re8 11. Be2 b5 12. dxe5 dxe5 13. Nb3 Bf8 14. O-O Qc7 15.
Qe1 Nb6 16. Qf2 Nxc4 17. Bxc4 bxc4 18. Bb6 Qb8 19. Na5 c5 20. Nxc4 Be6 21. Nd5
Bxd5 22. exd5 Nd7 23. Ba5 Bg7 24. b3 f5 25. Kh1 e4 26. Rfe1 Bd4 27. Rxd4 cxd4
28. Qxd4 Qa7 29. Nb6 Rac8 30. d6 Nxb6 31. Bxb6 Qd7 32. Qd5+ Re6 33. Rd1 exf3
34. gxf3 Rce8 35. Bc5 h5 36. Bb4 Kh7 37. Rc1 Rc8 38. Rc4 Qe8 39. d7 Re1+ 40.
Bxe1 Qxe1+ 41. Kg2 Qe2+ 42. Kg3 Qe1+ 43. Kg2 Qe2+ 44. Kh3 Qf1+ 45. Kg3 Qe1+ 46.
Kf4 Qh4+ 47. Ke5 Qe7+ 48. Kd4 Rd8 49. Rc7 Qb4+ 50. Kd3 Qe7 51. Kd2 Qg5+ 52. Kd3
Qe7 53. a4 f4 54. Qd4 Qe1 55. Kc4 Qc1+ 56. Qc3 Qd1 57. Kc5 Rxd7 58. Rxd7+ Qxd7
59. Kb6 Qe6+ 60. Ka5 g5 61. b4 Qe3 62. Qc7+ Kg6 63. Qc6+ Kf5 64. Qd7+ Qe6 65.
Qh7+ Qg6 66. Qd7+ Qe6 67. Qd3+ Kf6 68. Qd8+ Kg6 69. Qd4 Qf6 1/2-1/2

[Event "BL 8182 Düsseldorf-Zähringen"]
[Site "?"]
[Date "1982.??.??"]
[Round "?.6"]
[White "Schlaugat, M."]
[Black "Kiefer, G."]
[Result "1-0"]
[WhiteElo "2250"]
[BlackElo "2230"]
[PlyCount "67"]
[EventDate "1982.??.??"]

1. e4 c5 2. g3 Nc6 3. Bg2 g6 4. Ne2 Bg7 5. O-O d6 6. c3 e5 7. d3 Nge7 8. Be3
O-O 9. d4 exd4 10. cxd4 Qb6 11. Nbc3 Nxd4 12. Nxd4 cxd4 13. Na4 Qa5 14. Bxd4
Bxd4 15. Qxd4 Nc6 16. Qd1 Be6 17. Nc3 Ne5 18. Qd4 Rac8 19. Rfd1 Rfd8 20. Nd5
Bxd5 21. Qxd5 Qb6 22. b3 Rc2 23. Rd2 Rxd2 24. Qxd2 Rc8 25. Rd1 Rc6 26. h3 Qc5
27. Kh2 f6 28. f4 Nf7 29. e5 dxe5 30. Bxc6 Qxc6 31. fxe5 Nxe5 32. Qd5+ Qxd5 33.
Rxd5 Kf7 34. Rd8 1-0

[Event "BL 8182 Porz-Sindelfingen"]
[Site "?"]
[Date "1982.??.??"]
[Round "?.1"]
[White "Darga, K."]
[Black "Hort, V."]
[Result "0-1"]
[WhiteElo "2495"]
[BlackElo "2595"]
[PlyCount "88"]
[EventDate "1982.??.??"]

1. d4 Nf6 2. c4 g6 3. Nc3 d5 4. Nf3 Bg7 5. e3 O-O 6. Be2 c5 7. O-O cxd4 8. exd4
Nc6 9. Be3 dxc4 10. d5 Na5 11. Qd2 b6 12. Rad1 Bg4 13. h3 Bf5 14. Bh6 Rc8 15.
Bxg7 Kxg7 16. Qd4 h6 17. Ne5 Rc5 18. g4 Bc8 19. f4 Kh7 20. g5 Ng8 21. f5 Bxf5
22. Rxf5 gxf5 23. Bh5 f6 24. Bg6+ Kh8 25. Nf7+ Rxf7 26. Bxf7 hxg5 27. Be6 Nh6
28. h4 Qd6 29. Kg2 g4 30. Rf1 Qe5 31. Qxe5 fxe5 32. Bxf5 Nb7 33. Be6 Nd6 34.
Re1 Nhf7 35. Rf1 Kg7 36. Rf2 b5 37. Ne4 Nxe4 38. Rxf7+ Kg6 39. Rxe7 c3 40. bxc3
Rxc3 41. Rxa7 Rc2+ 42. Kg1 g3 43. d6 Nxd6 44. Ra6 Rd2 0-1

[Event "BL 8182 Zähringen-Porz"]
[Site "?"]
[Date "1982.??.??"]
[Round "?.1"]
[White "Hort, V."]
[Black "Siegel, G."]
[Result "1-0"]
[WhiteElo "2595"]
[BlackElo "2300"]
[PlyCount "97"]
[EventDate "1982.??.??"]

1. e4 Nf6 2. e5 Nd5 3. d4 d6 4. Nf3 Bg4 5. Be2 e6 6. O-O Be7 7. h3 Bh5 8. c4
Nb6 9. Nc3 O-O 10. exd6 cxd6 11. Be3 d5 12. c5 Bxf3 13. Bxf3 Nc4 14. Bf4 Nc6
15. b3 N4a5 16. Rc1 b6 17. Na4 bxc5 18. Nxc5 Bf6 19. Be3 Rb8 20. Qd2 Rb4 21.
Na6 Rxd4 22. Bxd4 Nxd4 23. Bg4 Nac6 24. Nc5 g6 25. b4 h5 26. Bd1 e5 27. Ba4 Bg5
28. f4 exf4 29. Bxc6 Nxc6 30. Ne6 fxe6 31. Rxc6 Qe8 32. b5 Qf7 33. Qe2 Re8 34.
Qe5 Bh6 35. a4 Bg7 36. Qxf4 Qxf4 37. Rxf4 e5 38. Rf1 e4 39. a5 e3 40. b6 axb6
41. axb6 e2 42. Re1 Bd4+ 43. Kh1 Kf7 44. b7 Be5 45. Rc8 Re7 46. b8=Q Bxb8 47.
Rxb8 d4 48. Rb3 Re4 49. Kg1 1-0

[Event "BL 8182 Zähringen-Porz"]
[Site "?"]
[Date "1982.??.??"]
[Round "?.2"]
[White "Herbrechtsmeier, C."]
[Black "Miles, A."]
[Result "0-1"]
[WhiteElo "2330"]
[BlackElo "2565"]
[PlyCount "80"]
[EventDate "1982.??.??"]

1. e4 Nc6 2. d4 d5 3. Nc3 dxe4 4. d5 Ne5 5. Bf4 Ng6 6. Bg3 f5 7. h4 e5 8. dxe6
Bxe6 9. Qxd8+ Rxd8 10. Nb5 Bd6 11. Nxc7+ Bxc7 12. Bxc7 Rc8 13. Ba5 Nf6 14. Ne2
Kf7 15. Nd4 b6 16. Bd2 Rhd8 17. Nxe6 Kxe6 18. Rc1 Ne5 19. Rh3 Nd5 20. Rb3 Nc4
21. Bg5 Rd6 22. f3 exf3 23. Rxf3 h6 24. Bd2 Nxb2 25. c4 Nf6 26. Bc3 Na4 27. Bd3
g6 28. Bxf6 Kxf6 29. g4 Nc5 30. Bb1 Re8+ 31. Kf1 Ne4 32. Bxe4 Rxe4 33. gxf5
gxf5 34. c5 Rc6 35. Rfc3 Rxh4 36. Kg2 Ra4 37. cxb6 Rxa2+ 38. Kf3 Rxb6 39. Rc6+
Rxc6 40. Rxc6+ Kg5 0-1

[Event "BL 8182 Zähringen-Porz"]
[Site "?"]
[Date "1982.??.??"]
[Round "?.3"]
[White "Reefschlaeger, H."]
[Black "Vatter, H."]
[Result "1-0"]
[WhiteElo "2410"]
[BlackElo "2230"]
[PlyCount "71"]
[EventDate "1982.??.??"]

1. d4 Nf6 2. c4 g6 3. g3 Bg7 4. Bg2 O-O 5. Nf3 d6 6. O-O Nc6 7. Nc3 e5 8. d5
Nb8 9. e4 a5 10. Ne1 Na6 11. f4 Nd7 12. f5 f6 13. h4 Rf7 14. Be3 Nb6 15. b3 c5
16. dxc6 bxc6 17. c5 Nd7 18. cxd6 Ndc5 19. Rf2 Rd7 20. Rd2 Bf8 21. Qe2 Rxd6 22.
Qc4+ Kg7 23. Rad1 Rxd2 24. Rxd2 Qc7 25. g4 Qf7 26. Qf1 a4 27. bxa4 Nc7 28. Nf3
Nxa4 29. Nxa4 Rxa4 30. Qc1 gxf5 31. Bh6+ Kxh6 32. Rd7+ Kg7 33. Rxf7+ Kxf7 34.
Qxc6 Ra7 35. exf5 Be7 36. Qb6 1-0

[Event "BL 8182 Zähringen-Porz"]
[Site "?"]
[Date "1982.??.??"]
[Round "?.5"]
[White "Ostermeyer, P."]
[Black "Raupp, T."]
[Result "1-0"]
[WhiteElo "2415"]
[BlackElo "2230"]
[PlyCount "73"]
[EventDate "1982.??.??"]

1. d4 Nf6 2. c4 g6 3. Nc3 Bg7 4. e4 d6 5. f3 e5 6. d5 Nh5 7. Be3 f5 8. exf5
gxf5 9. Qd2 Nd7 10. O-O-O Nc5 11. Nge2 O-O 12. Rg1 Nf6 13. h3 f4 14. Bxc5 dxc5
15. g4 Ne8 16. Ne4 Nd6 17. N2c3 b6 18. Nxd6 cxd6 19. Ne4 a6 20. Bd3 b5 21. h4
bxc4 22. Bxc4 Rb8 23. Qc2 Qc7 24. h5 Bf6 25. g5 Bd8 26. h6 Kh8 27. g6 hxg6 28.
Rxg6 Bf5 29. Rg7 Rf7 30. Rxf7 Qxf7 31. Nxd6 Bxc2 32. Nxf7+ Kg8 33. Nxd8 Bxd1
34. Nc6 Rb7 35. Kxd1 Kh7 36. Nxe5 Kxh6 37. d6 1-0

[Event "BL 8182 Zähringen-Porz"]
[Site "?"]
[Date "1982.??.??"]
[Round "?.6"]
[White "Bassler, M."]
[Black "Gerusel, M."]
[Result "0-1"]
[WhiteElo "2235"]
[BlackElo "2380"]
[PlyCount "130"]
[EventDate "1982.??.??"]

1. Nf3 Nf6 2. b3 d5 3. Bb2 Bg4 4. e3 e6 5. d4 Nbd7 6. Bd3 Bb4+ 7. Nbd2 O-O 8.
O-O c5 9. h3 Bh5 10. c3 Ba5 11. Qe2 e5 12. g4 cxd4 13. exd4 e4 14. gxh5 exd3
15. Qxd3 Nxh5 16. Qf5 Ndf6 17. Ne5 g6 18. Qg5 Qc8 19. f4 Qxh3 20. Rf3 Qf5 21.
Qxf5 gxf5 22. Kh1 h6 23. Rg1+ Kh7 24. Nf1 Ne4 25. c4 f6 26. Nd3 dxc4 27. bxc4
Rg8 28. Rh3 Rxg1+ 29. Kxg1 Rg8+ 30. Kh2 Kg6 31. Ne3 Ng7 32. Nd5 Re8 33. Ba3 Nd2
34. Be7 Bd8 35. Bxd8 Rxd8 36. Nc5 Re8 37. Rg3+ Kf7 38. Nxb7 Re2+ 39. Kh3 Nh5
40. Nd8+ Kf8 41. Rg2 Rxg2 42. Kxg2 Nxc4 43. Nc6 a5 44. Kf3 Ke8 45. Nce7 Ng7 46.
Ng8 Ne6 47. Ngxf6+ Kf7 48. Nd7 Nxd4+ 49. Kf2 Ke6 50. N7b6 Nxb6 51. Nxb6 Kd6 52.
Ke3 Nc6 53. Nc4+ Kd5 54. Nd2 Kc5 55. Nf3 Kb4 56. Kd3 a4 57. Kc2 Kc4 58. Kd2 h5
59. Nh4 Ne7 60. Ke3 Kc3 61. a3 Kb3 62. Kd4 Kxa3 63. Kc3 Nd5+ 64. Kc2 Ne3+ 65.
Kc3 Ka2 0-1

[Event "BL 8182 Sindelfingen-Düsseldorf"]
[Site "?"]
[Date "1982.??.??"]
[Round "?.1"]
[White "Backwinkel, P."]
[Black "Darga, K."]
[Result "0-1"]
[WhiteElo "2275"]
[BlackElo "2495"]
[PlyCount "100"]
[EventDate "1982.??.??"]

1. Nf3 Nf6 2. g3 b6 3. Bg2 Bb7 4. O-O e6 5. d3 d5 6. c3 a5 7. a4 Be7 8. Na3 O-O
9. Qc2 Na6 10. Nb5 c6 11. Nbd4 c5 12. Nb5 Nc7 13. Na3 Nce8 14. Re1 Rc8 15. e4
c4 16. e5 cxd3 17. Qxd3 Ne4 18. Nd4 Nc7 19. f3 Nc5 20. Qd1 Qd7 21. Nab5 Nxb5
22. axb5 a4 23. Bf1 Ra8 24. Be3 Qc7 25. Bf2 Rfc8 26. Qe2 Nd7 27. f4 Nc5 28. f5
Ne4 29. fxe6 Bc5 30. exf7+ Qxf7 31. Be3 Re8 32. e6 Qc7 33. Bh3 Qe5 34. Qd1 a3
35. bxa3 Nxc3 36. Qd3 Ne4 37. Nc6 Qh5 38. Bxc5 Qxh3 39. Bxb6 Qxe6 40. Rac1 Qd6
41. Red1 Rxa3 42. Qxd5+ Qxd5 43. Rxd5 Nc3 44. Bc5 Ra2 45. Ne7+ Rxe7 46. Rd8+
Kf7 47. Rf1+ Ke6 48. Rd6+ Ke5 49. Re1+ Ne2+ 50. Kf2 Rf7+ 0-1

[Event "BL 8182 FH Hamburg-Bayern"]
[Site "?"]
[Date "1982.??.??"]
[Round "?.1"]
[White "Saacke, B."]
[Black "Wockenfuss, K."]
[Result "1/2-1/2"]
[WhiteElo "2395"]
[BlackElo "2380"]
[PlyCount "45"]
[EventDate "1982.??.??"]

1. d4 Nf6 2. Nf3 g6 3. g3 Bg7 4. Bg2 O-O 5. O-O c5 6. dxc5 Na6 7. Be3 Qc7 8.
Bd4 Nxc5 9. Nc3 Nce4 10. Nxe4 Nxe4 11. Bxg7 Kxg7 12. Qd4+ Nf6 13. c4 d6 14.
Rac1 Bd7 15. c5 Rfc8 16. b4 a5 17. a3 axb4 18. axb4 Ra4 19. Qb2 dxc5 20. bxc5
Ra5 21. Ne5 Rb5 22. Qa1 Ra5 23. Qb2 1/2-1/2

[Event "BL 8182 FH Hamburg-Bayern"]
[Site "?"]
[Date "1982.??.??"]
[Round "?.2"]
[White "Fries Nielsen, J."]
[Black "Klundt, K."]
[Result "1/2-1/2"]
[WhiteElo "2350"]
[BlackElo "2395"]
[PlyCount "64"]
[EventDate "1982.??.??"]

1. d4 Nf6 2. c4 g6 3. Nc3 Bg7 4. e4 d6 5. Be2 O-O 6. Bg5 c5 7. d5 h6 8. Bf4 e6
9. dxe6 Bxe6 10. Bxd6 Re8 11. Nf3 Nc6 12. O-O Nd4 13. e5 Nd7 14. Nxd4 cxd4 15.
Qxd4 Nxe5 16. Bxe5 Qxd4 17. Bxd4 Bxd4 18. Rac1 Rad8 19. b3 Bxc3 20. Rxc3 Rd2
21. Bf3 Rxa2 22. Bxb7 Rb8 23. Bf3 Ra3 24. Bd1 a5 25. Rc1 Rc8 26. Re1 a4 27.
bxa4 Rxc4 28. Rxc4 Bxc4 29. h4 Ra1 30. Kh2 Kg7 31. Rg1 Ra2 32. Kg3 Ra1 1/2-1/2

[Event "BL 8182 FH Hamburg-Bayern"]
[Site "?"]
[Date "1982.??.??"]
[Round "?.3"]
[White "Kindermann, S."]
[Black "Cording, H."]
[Result "1-0"]
[WhiteElo "2425"]
[BlackElo "2320"]
[PlyCount "155"]
[EventDate "1982.??.??"]

1. g3 Nf6 2. Bg2 d5 3. f4 g6 4. Nf3 Bg7 5. O-O O-O 6. d3 c6 7. e3 Bg4 8. h3
Bxf3 9. Qxf3 Nbd7 10. e4 e5 11. f5 dxe4 12. dxe4 Nh5 13. Nc3 Qe7 14. Be3 Qb4
15. Rab1 Nb6 16. Qf2 Rfd8 17. Bf3 Qf8 18. Bxh5 gxh5 19. f6 Bh6 20. Bc5 Qe8 21.
Qe2 h4 22. Qg4+ Kh8 23. Qxh4 Bf8 24. Bxf8 Qxf8 25. Rf5 Qc5+ 26. Kh1 Qe3 27.
Rbf1 h6 28. R5f4 Kh7 29. Qh5 Rd7 30. Rg4 Rg8 31. Rxg8 Kxg8 32. h4 Rd2 33. Qg4+
Kf8 34. Qg7+ Ke8 35. Qg8+ Kd7 36. Qxf7+ Kc8 37. Qg7 Nd7 38. f7 Rf2 39. Rxf2
Qxf2 40. Qxh6 Qf1+ 41. Kh2 Qf2+ 42. Kh3 Qf1+ 43. Kg4 Qxf7 44. h5 Qf2 45. Qh8+
Kc7 46. Qg7 Kd6 47. Qg6+ Nf6+ 48. Kg5 Ke7 49. Kh6 Qf3 50. Qg5 Kf7 51. Qg7+ Ke6
52. Qg6 Ke7 53. Qf5 Qxg3 54. Qg5 Qh3 55. Qxe5+ Kf7 56. Qc7+ Ke8 57. Qb8+ Kf7
58. Qxb7+ Nd7 59. e5 Qg4 60. e6+ Qxe6+ 61. Kg5 Qe7+ 62. Kf4 Qh4+ 63. Ke3 Qg5+
64. Kd3 Ke8 65. Qxc6 Qxh5 66. Qe4+ Kd8 67. Qa8+ Ke7 68. Qe4+ Kd8 69. Qd5 Qh7+
70. Kd2 Qh6+ 71. Kd1 Qg7 72. Qa8+ Ke7 73. Qxa7 Qg4+ 74. Ne2 Qc4 75. b3 Qd5+ 76.
Kc1 Qe5 77. Nd4 Kd6 78. a4 1-0

[Event "BL 8182 FH Hamburg-Bayern"]
[Site "?"]
[Date "1982.??.??"]
[Round "?.4"]
[White "Rosin, W."]
[Black "Bischoff, K."]
[Result "0-1"]
[WhiteElo "2265"]
[BlackElo "2365"]
[PlyCount "84"]
[EventDate "1982.??.??"]

1. d4 c5 2. e3 Nf6 3. Nf3 e6 4. Bd3 b6 5. O-O Bb7 6. Nbd2 cxd4 7. exd4 Be7 8.
Qe2 O-O 9. c3 d6 10. Ng5 Nbd7 11. f4 Re8 12. Ndf3 Nf8 13. Bb5 h6 14. Bxe8 Qxe8
15. Nh3 Ne4 16. Nf2 f5 17. Nxe4 Bxe4 18. Be3 Bf6 19. Nd2 Bb7 20. b3 Rc8 21.
Rac1 Rc7 22. c4 g5 23. Rfe1 gxf4 24. Bxf4 Bxd4+ 25. Kh1 e5 26. Bxh6 Ne6 27. Be3
f4 28. Bxd4 Nxd4 29. Qf2 Rg7 30. Rg1 Qh5 31. Rc3 Ne2 32. Rf3 Ng3+ 33. Qxg3 Rxg3
34. Rf2 Kf7 35. Re1 f3 36. gxf3 Bxf3+ 37. Nxf3 Rxf3 38. Ref1 Rxf2 39. Rxf2+ Ke6
40. Kg2 Qg4+ 41. Kf1 e4 42. Rf8 Ke5 0-1

[Event "BL 8182 Delmenhorst-Bamberg"]
[Site "?"]
[Date "1982.??.??"]
[Round "?.1"]
[White "Pfleger, He"]
[Black "Juhnke, K."]
[Result "1/2-1/2"]
[WhiteElo "2500"]
[BlackElo "2320"]
[PlyCount "58"]
[EventDate "1982.??.??"]

1. c4 g6 2. Nc3 Bg7 3. g3 c5 4. Bg2 Nc6 5. Nf3 e6 6. O-O Nge7 7. d3 O-O 8. Bf4
d5 9. cxd5 exd5 10. Qd2 b6 11. Bh6 d4 12. Nb5 Bb7 13. Rac1 Qd7 14. h4 Na5 15.
Bxg7 Kxg7 16. b4 Qxb5 17. bxa5 Nd5 18. Ne5 Qe8 19. Nc4 Qe6 20. Rb1 Rfb8 21. e4
Nc3 22. axb6 Nxb1 23. Rxb1 axb6 24. Rxb6 Bc6 25. a4 Rxb6 26. Nxb6 Ra6 27. a5 h6
28. Kh2 Qb3 29. Qf4 Qe6 1/2-1/2

[Event "BL 8182 Delmenhorst-Bamberg"]
[Site "?"]
[Date "1982.??.??"]
[Round "?.2"]
[White "Hermann, Man"]
[Black "Hartmann, Wo"]
[Result "1/2-1/2"]
[WhiteElo "2380"]
[BlackElo "2275"]
[PlyCount "52"]
[EventDate "1982.??.??"]

1. e4 c5 2. c3 d5 3. exd5 Qxd5 4. d4 e5 5. Nf3 Nc6 6. Nxe5 Nxe5 7. dxe5 Qxe5+
8. Be3 Bd7 9. Qb3 O-O-O 10. Nd2 Nh6 11. O-O-O Ng4 12. Nc4 Qc7 13. Be2 Be7 14.
Bf3 Be6 15. Qa4 Nxe3 16. Nxe3 Kb8 17. Bg4 Qe5 18. Bxe6 Qxe6 19. Qf4+ Bd6 20.
Qc4 Qxc4 21. Nxc4 Bf4+ 22. Kc2 Kc8 23. g3 Bc7 24. a4 b6 25. Rhe1 Rxd1 26. Kxd1
Kd7 1/2-1/2

[Event "BL 8182 Delmenhorst-Bamberg"]
[Site "?"]
[Date "1982.??.??"]
[Round "?.3"]
[White "Kestler, H."]
[Black "Meyer, CD."]
[Result "1-0"]
[WhiteElo "2405"]
[BlackElo "2285"]
[PlyCount "63"]
[EventDate "1982.??.??"]

1. Nf3 Nf6 2. g3 g6 3. Bg2 Bg7 4. O-O O-O 5. c4 d6 6. Nc3 e5 7. d3 Nbd7 8. Rb1
a5 9. a3 Re8 10. Ne1 c6 11. b4 axb4 12. axb4 Nb6 13. b5 c5 14. Bg5 h6 15. Bxf6
Qxf6 16. Nc2 Qe7 17. Ne3 Be6 18. Qb3 Kh7 19. Ned5 Bxd5 20. Nxd5 Nxd5 21. Bxd5
f5 22. Ra1 Rad8 23. Ra7 Rd7 24. Qa4 Rb8 25. b6 Rbd8 26. Ra8 Bf6 27. Rxd8 Rxd8
28. Qa7 Rd7 29. Rb1 Qd8 30. Rb3 Rg7 31. Ra3 Qd7 32. Bxb7 1-0

[Event "BL 8182 Delmenhorst-Bamberg"]
[Site "?"]
[Date "1982.??.??"]
[Round "?.5"]
[White "Treppner, G."]
[Black "Dornieden, M."]
[Result "1-0"]
[WhiteElo "2255"]
[BlackElo "2325"]
[PlyCount "57"]
[EventDate "1982.??.??"]

1. Nf3 g6 2. d4 Bg7 3. c4 d6 4. Nc3 Nd7 5. e4 e5 6. Be2 Ne7 7. d5 O-O 8. Be3 a5
9. h4 Nf6 10. Nd2 c6 11. h5 gxh5 12. Bxh5 b5 13. Qf3 bxc4 14. Bg5 Ng6 15. dxc6
Be6 16. Nd5 Bxd5 17. exd5 Nf4 18. Ne4 Nd3+ 19. Kd1 Nxe4 20. Bxd8 Nexf2+ 21. Ke2
Raxd8 22. Qf5 Rb8 23. Rhb1 e4 24. c7 Rbc8 25. Bxf7+ Kh8 26. Rh1 Nf4+ 27. Qxf4
Nxh1 28. Rxh1 Rxc7 29. Rxh7+ 1-0

[Event "BL 8182 Bayern-Delmenhorst"]
[Site "?"]
[Date "1982.??.??"]
[Round "?.1"]
[White "Juhnke, K."]
[Black "Saacke, B."]
[Result "1-0"]
[WhiteElo "2320"]
[BlackElo "2395"]
[PlyCount "83"]
[EventDate "1982.??.??"]

1. d4 e6 2. c4 d5 3. Nc3 Be7 4. cxd5 exd5 5. Bf4 c6 6. e3 Bf5 7. Nge2 Nd7 8.
Ng3 Bg6 9. h4 h5 10. Be2 Ngf6 11. Bf3 Qb6 12. Qd2 Qa6 13. Be2 Qb6 14. Bf3 Qa6
15. Be2 Qb6 16. a3 a5 17. O-O O-O 18. Bd3 Bxd3 19. Qxd3 Rfe8 20. Nf5 Bf8 21. f3
Re6 22. Qc2 Qa6 23. e4 dxe4 24. fxe4 Rae8 25. e5 Ng4 26. Ne4 Qb6 27. Ng5 Rg6
28. Kh1 c5 29. Qc4 Ree6 30. Nxe6 Rxe6 31. Qa4 Qd8 32. Bg5 Qc7 33. Rac1 Rc6 34.
Qb3 Nb6 35. Ne7+ Bxe7 36. Qxf7+ Kh7 37. Bxe7 cxd4 38. Rxc6 bxc6 39. Rf6 Nd7 40.
Qxh5+ Kg8 41. Qxg4 Qxe5 42. Qe6+ 1-0